000 01008cam a22002533a 4500
001 19860
003 PGUSA
005 20140828083424.0
008 061118s2006||||xxu|||||s|||||000 | eng d
040 _aPGUSA
_beng
042 _adc
050 4 _aPZ
245 1 4 _aThe Arabian Nights Entertainments
_h[electronic resource] /
_cAnonymous
260 _bProject Gutenberg,
_c2006
505 0 _aThe sultan and his vow -- The story of the merchant and the genie -- The three calenders, sons of kings, and the five ladies of Bagdad -- The story of the three sisters -- The story of Aladdin; or, the wonderful lamp -- The history of Ali Baba, and of the forty robbers killed by one slave -- The story of Sinbad the sailor.
506 _aPublic domain in the USA.
516 _aElectronic text
653 _aFairy tales
653 _aFolklore -- Arab countries
700 1 _aWinter, Milo,
_d1888-1956
830 0 _aProject Gutenberg
_v19860
856 4 0 _uhttp://www.gutenberg.org/ebooks/19860
942 _cEB
999 _c249115
_d249115